Statistics for "The Man..." Movie Titles

Click here to take the quiz!

General Stats

  • This quiz has been taken 119 times
  • The average score is 8 of 10

Answer Stats

ClueThe Man...% Correct
A couple witness a murder in Morocco and are drawn into a twisting plot.
Alfred Hitchcock, James Stewart, Doris Day (1956)
The Man Who Knew Too {Much}
96%
An alien (David Bowie) must pose as a human to save his dying planet.
Nicholas Roeg, David Bowie, Rip Torn (1976)
The Man Who Fell to {Earth}
86%
Rudyard Kipling tale of two British adventurers who become rulers of Kafiristan.
John Huston, Sean Connery, Michael Caine (1975)
The Man Who Would Be {King}
86%
James Bond is targeted by an assassin with a precious metal weapon.
Guy Hamilton, Roger Moore, Christopher Lee (1974)
The Man with the {Golden} {Gun}
81%
Young Chuck is helped by disfigured reclusive ex-teacher living nearby.
Mel Gibson, Mel Gibson, Nick Stahl (1993)
The Man Without a {Face}
80%
A brain surgeon falls in love with a talking brain.
Carl Reiner, Steve Martin, Kathleen Turner (1983)
The Man with Two {Brains}
79%
King Louis XIV's secret twin was imprisoned with his face concealed... until now.
Randall Wallace, Leonardo DiCaprio, Jeremy Irons, John Malkovich (1998)
The Man in the {Iron} {Mask}
78%
CIA's Napoleon Solo and KGB's Illya Kuryakin in joint mission in the 1960s.
Guy Ritchie, Henry Cavill, Armie Hammer (2015)
The Man from {U.N.C.L.E.}
72%
A barber blackmails his wife's boss and lover. Black and white.
The Coen Brothers, Billy Bob Thornton, Frances McDormand (2001)
The Man Who Wasn't {There}
66%
A senator returns to a Western town for the funeral of an old friend.
John Ford, James Stewart, John Wayne (1962)
The Man Who Shot Liberty {Valance}
55%

Score Distribution

Percentile by Number Answered

Percent of People with Each Score

Your Score History

You have not taken this quiz